ბათუმის შოთა რუსთაველის სახელმწიფო უნივერსიტეტის ბიბლიოთეკა

Creating your MySQL Database: Practical Design Tips and Techniques (ბიბ.ჩანაწერი № 49499)

000 -LEADER
fixed length control field 01063nam a2200253Ia 4500
001 - CONTROL NUMBER
control field 16426
003 - CONTROL NUMBER IDENTIFIER
control field GE_BSU
008 - FIXED-LENGTH DATA ELEMENTS--GENERAL INFORMATION
fixed length control field 181216s||||||||xx |||||||||||||| ||und||
020 ## - INTERNATIONAL STANDARD BOOK NUMBER
International Standard Book Number 978-1904811305
040 ## - CATALOGING SOURCE
Transcribing agency GE_BSU
080 ## - UNIVERSAL DECIMAL CLASSIFICATION NUMBER
Universal Decimal Classification number 004
100 ## - MAIN ENTRY--PERSONAL NAME
Personal name DeLisle, Marc
245 ## - TITLE STATEMENT
Title Creating your MySQL Database: Practical Design Tips and Techniques
245 #2 - TITLE STATEMENT
Remainder of title A short guide for everyone on how to structure your data and set-up your MySQL database tables efficiently and easily.
245 ## - TITLE STATEMENT
Statement of responsibility, etc. Editor Louay Fatoohi
260 ## - PUBLICATION, DISTRIBUTION, ETC.
Place of publication, distribution, etc. USA
260 ## - PUBLICATION, DISTRIBUTION, ETC.
Name of publisher, distributor, etc. Packt Publishing
260 ## - PUBLICATION, DISTRIBUTION, ETC.
Date of publication, distribution, etc. 2006
300 ## - PHYSICAL DESCRIPTION
Extent 108 pages,ill,23cm.
653 ## - INDEX TERM--UNCONTROLLED
Uncontrolled term If you're creating a dynamic web application using open-source tools, then you're probably going to be setting up a MySQL database. Getting the design of this database right for your application and its data is vital, but it's often an intimidating and little-known process for non-developers and dev
653 ## - INDEX TERM--UNCONTROLLED
Uncontrolled term კომპიუტერული ტექნოლოგიები
942 ## - ADDED ENTRY ELEMENTS (KOHA)
Koha item type წიგნი
ეგზემპლარები
Withdrawn status Lost status Damaged status Not for loan Date acquired Barcode Date last seen Price effective from Koha item type
        2018-12-17 41162 2018-12-17 2018-12-17 წიგნი